| 000 | 00505nam a2200205Ia 4500 | ||
|---|---|---|---|
| 001 | 14911 | ||
| 003 | GE_BSU | ||
| 008 | 181216s||||||||xx |||||||||||||| ||und|| | ||
| 040 | _cGE_BSU | ||
| 080 | _a530.1 | ||
| 100 | _aБергман,П. | ||
| 245 | _aЗагадка гравитации | ||
| 245 | _cРед.Л.П.Русакова | ||
| 260 | _aМосква | ||
| 260 | _bНаука | ||
| 260 | _c1969 | ||
| 300 | _a215стр.20см. | ||
| 653 | _aЗагадка гравитации | ||
| 942 | _cBK | ||
| 999 |
_c48031 _d48031 |
||